[Event "Vilafranca del Penedes op 5th"]
[Site "Vilafranca del Penedes"]
[Date "2011.04.15"]
[Round "2.3"]
[White "Avila Jimenez, Xavier"]
[Black "Esteve Vivas, Jordi"]
[Result "1-0"]
[WhiteElo "2227"]
[BlackElo "1883"]
[PlyCount "95"]
[EventDate "2011.04.08"]
[EventType "swiss"]
[EventRounds "8"]
[EventCountry "ESP"]
[SourceTitle "EXT 2024"]
[Source "ChessBase"]
[SourceDate "2023.10.10"]
[SourceVersion "1"]
[SourceVersionDate "2023.10.10"]
[SourceQuality "1"]

1. d4 Nf6 2. Bg5 d5 3. e3 e6 4. c4 Be7 5. Nc3 0-0 6. Qc2 h6 7. Bh4 Nbd7 8. cxd5 exd5 9. Bd3 c5 10. Nge2 c4 11. Bf5 Nb6 12. 0-0 Nh5 13. Bxe7 Qxe7 14. a4 Be6 15. a5 Nc8 16. Bxe6 fxe6 17. Qg6 Nf6 18. Nf4 Nd6 19. f3 Qf7 20. Qc2 Nf5 21. Qe2 Rad8 22. g4 Nh4 23. Qf2 g5 24. Ng2 Ng6 25. Qg3 Qe7 26. f4 Qd6 27. Rf2 Kg7 28. Raf1 gxf4 29. Nxf4 Nxf4 30. Rxf4 Nh7 31. h4 Rxf4 32. Rxf4 Qe7 33. Rf2 Rf8 34. Qe5+ Kg8 35. Nxd5 Qxh4 36. Qxe6+ Kg7 37. Qe5+ Nf6 38. e4 Qg5 39. Qxg5+ hxg5 40. Nxf6 Rxf6 41. Rf5 Kg6 42. Kf1 Re6 43. e5 Ra6 44. d5 Rxa5 45. e6 Ra1+ 46. Ke2 Ra2 47. e7 Rxb2+ 48. Ke3 1-0